| 000 | 00670nam a2200277Ia 4500 | ||
|---|---|---|---|
| 001 | Z_4272 | ||
| 003 | CHAP | ||
| 008 | 220113s1998 xx 000 0 und d | ||
| 010 | _a167336 | ||
| 040 | _cCHAP | ||
| 082 | _a636.082 N5y | ||
| 100 |
_aNicholas, Frank W _9141499 |
||
| 245 |
_aIntroducción a la genética veterinaria / _cpor Frank W Nicholas |
||
| 260 |
_aZaragoza : _bAcribia, _c1998 |
||
| 300 | _a362 p. | ||
| 440 | _a | ||
| 500 | _aTrad. De :Introduction to veterinary genetics | ||
| 503 | _aC/E | ||
| 650 |
_aGenética animal _947483 |
||
| 901 | _a636.082 N5y | ||
| 902 | _aA | ||
| 910 | _a1998 | ||
| 942 | _c1 | ||
| 942 | _cc1 | ||
| 999 |
_c167336 _d167336 |
||